Á lódáil...
Object-Oriented Languages:Basic Principles and Programming Techniques
| Príomhúdar: | |
|---|---|
| Formáid: | Printed Book |
| Foilsithe: |
London
CH
1994
|
| Ábhair: |
| LEADER | 00529nam a22001577a 4500 | ||
|---|---|---|---|
| 020 | |a 0412558009 | ||
| 082 | |a 005.117 |b BEA | ||
| 100 | |a Beaudouin-Lafon,Michel | ||
| 245 | |a Object-Oriented Languages:Basic Principles and Programming Techniques | ||
| 260 | |a London |b CH |c 1994 | ||
| 300 | |a ix,138 | ||
| 650 | |a Polymorphism | ||
| 650 | |a Programming Languages | ||
| 942 | |c BK | ||
| 999 | |c 128983 |d 128979 | ||
| 952 | |0 0 |1 0 |4 0 |6 005_117000000000000_BEA |7 0 |8 NFIC |9 127531 |a SPAP |b SPAP |c GEN |d 2017-08-22 |l 0 |o 005.117 BEA |p SPAP2353 |r 2017-08-22 |w 2017-08-22 |y BK | ||